Magnetizmus komplexov niklu(II) s N4O2 hexadentátnymi ligandami
Salvato in:
| Autore principale: | |
|---|---|
| Altri autori: | |
| Natura: | Manoscritto Libro |
| Lingua: | slovacco |
| Pubblicazione: |
2021
|
| Soggetti: | |
| Accesso online: | http://is.stuba.sk/zp/portal_zp.pl?podrobnosti=149034 |
| Tags: |
Nessun Tag, puoi essere il primo ad aggiungerne!!
|
MARC
| LEADER | 00000ntm a22000003a 4500 | ||
|---|---|---|---|
| 001 | stuzp83831 | ||
| 003 | SK-STU | ||
| 005 | 20210626211107.2 | ||
| 007 | ta | ||
| 008 | 150427s2015----xo-----f-mn---000-0-slo-d | ||
| 040 | |a STU |b slo | ||
| 041 | 0 | |a slo | |
| 100 | 1 | |a Kulíšková, Andrea |u 042190 |4 aut |U FCHPT Ústav anorganickej chémie, technológie a materiálov |T FCHPT Oddelenie anorganickej chémie |X 97503 |U C2190 |Y 112 |7 97503 | |
| 242 | 0 | 1 | |a Magnetism of nickel(II) complexes with N4O2 hexadentate ligands |y eng |
| 245 | 1 | 0 | |a Magnetizmus komplexov niklu(II) s N4O2 hexadentátnymi ligandami |
| 260 | |c 2021 | ||
| 650 | 4 | |a komplexy niklu |2 slo | |
| 650 | 4 | |a Schiffove bázy |2 slo | |
| 650 | 4 | |a distorzné parametre |2 slo | |
| 650 | 4 | |a jednomolekulové magnety |2 slo | |
| 650 | 4 | |a Schiff bases |2 eng | |
| 650 | 4 | |a distortion parameters |2 eng | |
| 650 | 4 | |a single-molecule magnets |2 eng | |
| 650 | 4 | |a nickel complexes |2 eng | |
| 700 | 1 | |a Pogány, Lukáš |u 042190 |k Z2 |4 ths |U FCHPT Ústav anorganickej chémie, technológie a materiálov |T FCHPT Oddelenie anorganickej chémie |X 58212 |U C2190 |Y 112 |7 A0000058212 | |
| 856 | 4 | |u http://is.stuba.sk/zp/portal_zp.pl?podrobnosti=149034 | |